00466nam a22001457a 450000500170000002000180001704100120003508200160004710000220006324501850008525000070027026000240027730000080030136500110030920260618094145.0 a9788197749698 aEnglish aT16 R24 STE aStephen Jeyaseela aThandanaiyadaintha Thamizh Kuttrfavaaligal Malaya, Burma, Sumatra, Singapore, Australia Mattrum Tasmaniyavirku Aangileyaraal Naadukadaththappattathum, Vaazhkkai Nilaiyum, 1787-1896 a01 aChennaibNCBHc2024 a107 b125.00